Najčastejšie problémy pri kontrolnom výkaze v roku 2015

Kontrolný výkaz k dani z pridanej hodnoty a najčastejšie chyby v podaných kontrolných výkazoch. Rôznorodosť prípadov vyskytujúcich sa v praxi a nemožnosť predvídania všetkých riešení správneho postupu platiteľa dane pri oprave chýb. Príklad.

Saved in:
Bibliographic Details
Main Author: Válek, Juraj, 1981-
Format: Book Chapter
Language:Slovak
Subjects:
Tags: Add Tag
No Tags, Be the first to tag this record!

MARC

LEADER 00000naa a2200000 4500
001 0214195
005 20240502073600.2
041 0 |a slo 
044 |a SK 
245 1 0 |a Najčastejšie problémy pri kontrolnom výkaze v roku 2015  |c Juraj Válek 
520 |a Kontrolný výkaz k dani z pridanej hodnoty a najčastejšie chyby v podaných kontrolných výkazoch. Rôznorodosť prípadov vyskytujúcich sa v praxi a nemožnosť predvídania všetkých riešení správneho postupu platiteľa dane pri oprave chýb. Príklad. 
610 2 0 |a dane z hodnoty pridanej 
610 2 0 |a výkazy účtovné 
610 2 0 |a predpisy daňové 
610 2 0 |a vzťahy zúčtovacie 
610 2 0 |a obdobie zdaňovacie 
610 2 0 |a priznania daňové 
610 2 0 |a správa daňová 
100 1 |a Válek, Juraj, 1981-